Komunikácia malej firmy so zákazníkom bakalárska práca

Saved in:
Bibliographic Details
Main Author: Píšová, Dominika
Format: Book
Language:Slovak
Published: Bratislava bakalárska práca Dominika Píšová
Online Access:View in OPAC
Tags: Add Tag
No Tags, Be the first to tag this record!

MARC

LEADER 00000nam a2200000 a 4500
005 20260127134241.0
008 141016 2014 000 0 slo d
035 |a vtls010628613 
039 9 |y 201410161318  |z mschk03 
040 |a STUSCHK1  |b slo  |c STUSCHK1  |e AACR2 
100 1 |a Píšová, Dominika 
245 1 |a Komunikácia malej firmy so zákazníkom  |b bakalárska práca  |c Dominika Píšová 
260 |a Bratislava  |b bakalárska práca  |c Dominika Píšová 
300 |a 45 s.  |b il.  |c 30 cm 
500 |a Študijný program: automatizácia, informatizácia a manažment v chémii a potravinárstve 
500 |a Študijný odbor: automatizácia, priemyselné inžinierstvo 
500 |a Obhájené: 16.07.2014 
500 |a Školiace pracovisko: FCHPT-5415-61872 
500 |a Evid. číslo: FCHPT-5415-61872 
910 |a SCHK95 
999 |c 7869  |d 7869